The myths of Zionism (Record no. 60151)

MARC details
000 -LEADER
fixed length control field 00617nam a2200217Ia 4500
008 - FIXED-LENGTH DATA ELEMENTS--GENERAL INFORMATION
fixed length control field 191130s2004##################000#0#eng##
020 ## - INTERNATIONAL STANDARD BOOK NUMBER
ISBN 9780745320564
082 ## - DEWEY DECIMAL CLASSIFICATION NUMBER
Classification number 320.54095694 ROS
100 ## - MAIN ENTRY--AUTHOR NAME
Personal name Rose, John
245 ## - TITLE STATEMENT
Title The myths of Zionism
Statement of responsibility, etc John Rose
260 ## - PUBLICATION, DISTRIBUTION, ETC. (IMPRINT)
Place of publication London
Name of publisher Pluto Press
Year of publication 2004
300 ## - PHYSICAL DESCRIPTION
Number of Pages ix, 232 p. ; 22 cm
500 ## - GENERAL NOTE
General note Includes bibliographical references (p. 216-221) and index
650 ## - SUBJECT ADDED ENTRY--TOPICAL TERM
Topical Term Arab-Israeli conflict
Topical Term Zionism - History
991 ## -
-- 271155
Holdings
Withdrawn status Lost status Damaged status Not for loan Home library Current library Shelving location Date acquired Full call number Accession Number Price effective from Koha item type
        Anna Centenary Library Anna Centenary Library 3RD FLOOR, B WING 09.10.2020 320.54095694 ROS 136781 09.10.2020 English Books

Find us on the map